Biggest Cities of FIFA World Cup - Statistics

General Stats
  • This quiz has been taken 379 times
  • The average score is 38 of 57
Answer Stats
Population City % Correct
13.2 mil Rio de Janeiro
96%
14.8 mil London
92%
11.4 mil Paris
92%
40.4 mil Tokyo
92%
17.7 mil Los Angeles
91%
23.0 mil Mexico City
91%
4.72 mil Berlin
90%
6.55 mil Madrid
90%
17.3 mil Moscow
90%
22.1 mil New York City
90%
3.57 mil Rome
89%
4.77 mil Barcelona
87%
6.20 mil Milan
87%
22.4 mil Sao Paulo
87%
16.4 mil Buenos Aires
86%
24.8 mil Seoul
84%
2.25 mil Munich
83%
3.05 mil Manchester
80%
5.65 mil Saint Petersburg
78%
13.9 mil Johannesburg
77%
4.22 mil Naples
77%
9.75 mil Chicago
76%
4.00 mil Brasilia
74%
3.15 mil Birmingham
73%
1.98 mil Lyon
73%
17.7 mil Osaka
73%
4.22 mil Cape Town
72%
7.25 mil Santiago
71%
5.35 mil Guadalajara
69%
2.87 mil Hamburg
69%
1.88 mil Liverpool
68%
7.20 mil Dallas
67%
7.85 mil San Francisco
66%
3.25 mil Frankfurt
65%
8.55 mil Washington D.C.
64%
5.00 mil Belo Horizonte
61%
5.00 mil Monterrey
59%
1.86 mil Montevideo
59%
5.00 mil Dusseldorf | Cologne
58%
2.22 mil Stockholm
58%
1.84 mil Valencia
57%
4.12 mil Busan
56%
7.75 mil Boston
55%
3.42 mil Durban
52%
2.20 mil Manaus
50%
3.85 mil Recife
50%
4.12 mil Porto Alegre
48%
2.40 mil Stuttgart
47%
3.67 mil Fortaleza
45%
3.60 mil Salvador
45%
2.50 mil Sapporo
45%
5.75 mil Detroit
39%
3.17 mil Puebla
34%
3.42 mil Curitiba
29%
1.94 mil Leon
26%
3.45 mil Orlando
20%
2.32 mil Toluca
16%
No matching quizzes found
Score Distribution
Percent of People with Each Score
Percentile by Number Answered
Your Score History
You have not taken this quiz